Sociología / (Record no. 144857)

MARC details
000 -LEADER
campo de control de longitud fija 00864nam a2200241 i 4500
001 - NÚMERO DE CONTROL
campo de control 144857
003 - IDENTIFICADOR DE NÚMERO DE CONTROL
campo de control ES-MaACL
005 - FECHA Y HORA DE LA ÚLTIMA TRANSACCIÓN
campo de control 20250805062610.0
007 - CAMPO FIJO DE DESCRIPCIÓN FÍSICA--INFORMACIÓN GENERAL
campo de control de longitud fija t|
008 - DATOS DE LONGITUD FIJA--INFORMACIÓN GENERAL
campo de control de longitud fija 070214s1970 sp r ||||1| spa d
245 00 - MENCIÓN DEL TÍTULO
Título Sociología /
Mención de responsabilidad, etc. [editado] por Neil J. Smelser ; presentado por Jose C. Castillo ; [traducción... por Carlos Pascual Gil] ; [patrocinado por] Fundacion Foessa.
260 ## - PUBLICACIÓN, DISTRIBUCIÓN, ETC.
Lugar de publicación, distribución, etc. Madrid :
Nombre del editor, distribuidor, etc. Euramérica,
Fecha de publicación, distribución, etc. 1970 (
Fabricante Fareso)
300 ## - DESCRIPCIÓN FÍSICA
Extensión 896 p. ;
Dimensiones 22 cm.
490 1# - MENCIÓN DE SERIE
Mención de serie Col. Fundación Foessa. Serie Estudios
650 #7 - PUNTO DE ACCESO ADICIONAL DE MATERIA--TÉRMINO DE MATERIA
Término de materia o nombre geográfico como elemento de entrada Sociología
Fuente del encabezamiento o término embne
9 (RLIN) 17195
700 1# - ENTRADA AGREGADA--NOMBRE PERSONAL
Nombre de persona Castillo, José C.
9 (RLIN) 36696
700 1# - ENTRADA AGREGADA--NOMBRE PERSONAL
Nombre de persona Pascual, Carlos.
9 (RLIN) 89345
700 1# - ENTRADA AGREGADA--NOMBRE PERSONAL
Nombre de persona Smelser, Neil J.
9 (RLIN) 106819
710 2# - ENTRADA AGREGADA--NOMBRE DE ENTIDAD CORPORATIVA
Nombre de entidad corporativa o nombre de jurisdicción como elemento de entrada Fundación FOESSA.
9 (RLIN) 4303
830 0# - PUNTO DE ACCESO ADICIONAL DE SERIE-TÍTULO UNIFORME
Título uniforme Col. Fundación Foessa. Serie Estudios
9 (RLIN) 220712
852 ## - LOCALIZACIÓN
Ubicación ES-MaACL
Número de control de estantería C-38577
Sublocalización o colección R.75943
Holdings
Estatus retirado Estado de pérdida Estado de daño No para préstamo Biblioteca de origen Biblioteca actual Ubicación en estantería Fecha de adquisición Fuente de adquisición Total de préstamos Signatura topográfica completa Código de barras Visto por última vez Precio de reemplazo Tipo de ítem Koha
        Biblioteca del Ateneo de Madrid Biblioteca del Ateneo de Madrid Depósito 2 17/01/2008     C-38577 1151131 23/02/2023 23/02/2023 Libro impreso